[Event "Tabor op"]
[Site "Tabor"]
[Date "2013.08.04"]
[Round "9"]
[White "Petr, Josef"]
[Black "Eder, Antonin"]
[Result "1-0"]
[WhiteElo "1738"]
[BlackElo "1548"]
[PlyCount "54"]
[EventDate "2013.07.28"]
[EventType "swiss"]
[EventRounds "9"]
[EventCountry "CZE"]
[SourceTitle "CBM 155 Extra"]
[Source "ChessBase"]
[SourceDate "2013.08.26"]
[SourceVersion "1"]
[SourceVersionDate "2013.08.26"]
[SourceQuality "1"]

1. e4 c5 2. Nf3 Nc6 3. d4 cxd4 4. Nxd4 Nxd4 5. Qxd4 f6 6. Bc4 e5 7. Qd5 Qe7 8. Nc3 g5 9. Nb5 d6 10. Bd2 a6 11. Nc3 h5 12. 0-0-0 Rh7 13. Qxg8 Rg7 14. Qd5 Rb8 15. a4 Bd7 16. Be3 Bc6 17. Qd3 Qd7 18. a5 Qg4 19. g3 f5 20. Bd5 f4 21. Bb6 Qd7 22. Bb3 Be7 23. gxf4 gxf4 24. Rhg1 Bf8 25. Rxg7 Qxg7 26. Nd5 Rc8 27. Qh3 Qh7 1-0

[Event "Tabor op"]
[Site "Tabor"]
[Date "2010.08.02"]
[Round "3"]
[White "Buzek, Ivo"]
[Black "Petr, Josef"]
[Result "1/2-1/2"]
[WhiteElo "1487"]
[BlackElo "1723"]
[PlyCount "83"]
[EventDate "2010.08.01"]
[EventType "swiss"]
[EventRounds "9"]
[EventCountry "CZE"]
[SourceTitle "EXT 2012"]
[Source "ChessBase"]
[SourceDate "2011.11.24"]
[SourceVersion "1"]
[SourceVersionDate "2011.11.24"]
[SourceQuality "1"]

1. e4 e5 2. Nf3 Nc6 3. Bb5 d6 4. Nc3 Bd7 5. h3 a6 6. Bc4 Be7 7. a3 Nf6 8. d3 0-0 9. Bg5 Na5 10. Ba2 b5 11. b4 Nb7 12. Be3 a5 13. Nd5 Nxd5 14. Bxd5 c6 15. Bb3 Qc7 16. 0-0 Kh8 17. Ng5 Bxg5 18. Bxg5 f6 19. Bd2 Be8 20. c3 Bf7 21. Bxf7 Rxf7 22. Qc2 c5 23. Rac1 Rc8 24. Qb2 c4 25. Qc2 Qd7 26. Be3 f5 27. f3 f4 28. Bf2 Rf6 29. Rfe1 Rg6 30. Kh2 cxd3 31. Qxd3 Rc4 32. Rc2 Qd8 33. Qd5 Qd7 34. Rd1 Qc6 35. Qf7 Qc8 36. Qd5 Qc6 37. Qf7 Rf6 38. Qd5 h6 39. Bh4 Rg6 40. Bf2 axb4 41. axb4 Nd8 42. Ra1 1/2-1/2

[Event "Tabor op"]
[Site "Tabor"]
[Date "2007.08.04"]
[Round "8"]
[White "Bastyr, Pavel"]
[Black "Petr, Josef"]
[Result "1/2-1/2"]
[WhiteElo "1569"]
[BlackElo "1742"]
[PlyCount "104"]
[EventDate "2007.07.29"]
[EventType "swiss"]
[EventRounds "9"]
[EventCountry "CZE"]
[SourceTitle "EXT 2009"]
[Source "ChessBase"]
[SourceDate "2008.11.26"]
[SourceVersion "1"]
[SourceVersionDate "2008.11.26"]
[SourceQuality "1"]

1. d4 Nf6 2. Bg5 d5 3. Bxf6 exf6 4. Nf3 c6 5. e3 Bd6 6. c4 dxc4 7. Bxc4 Be6 8. Bxe6 fxe6 9. Qb3 Qe7 10. 0-0 0-0 11. Nc3 Kh8 12. Ne4 Na6 13. Nxd6 Qxd6 14. Rfc1 Qb4 15. Qxe6 Nc7 16. Qc4 Qxc4 17. Rxc4 Nd5 18. a4 Rfe8 19. a5 a6 20. Ra3 Kg8 21. Rb3 Rab8 22. Nd2 f5 23. Nf3 f4 24. Ne5 fxe3 25. fxe3 Nf6 26. Nxc6 bxc6 27. Rxb8 Rxb8 28. Rxc6 Ra8 29. h3 Ra7 30. Kf2 Kf7 31. Kf3 Ke7 32. e4 Kd7 33. d5 Ra8 34. e5 Nxd5 35. Rd6+ Ke7 36. Rxd5 Rb8 37. Rd6 Rxb2 38. Rxa6 Kf7 39. e6+ Kf6 40. Rb6 Ra2 41. a6 g5 42. Ke4 Rxg2 43. Kd5 Rd2+ 44. Kc5 h5 45. Rd6 Ra2 46. Kb6 Rb2+ 47. Kc7 Ke7 48. a7 Ra2 49. Rd7+ Kxe6 50. Kc8 g4 51. hxg4 hxg4 52. Rg7 g3 1/2-1/2

[Event "Tabor op"]
[Site "Tabor"]
[Date "2007.08.03"]
[Round "7"]
[White "Petr, Josef"]
[Black "Lomsky, Radek"]
[Result "0-1"]
[WhiteElo "1742"]
[BlackElo "1661"]
[PlyCount "76"]
[EventDate "2007.07.29"]
[EventType "swiss"]
[EventRounds "9"]
[EventCountry "CZE"]
[SourceTitle "EXT 2009"]
[Source "ChessBase"]
[SourceDate "2008.11.26"]
[SourceVersion "1"]
[SourceVersionDate "2008.11.26"]
[SourceQuality "1"]

1. Nf3 Nf6 2. g3 e6 3. d3 d5 4. Bg2 Be7 5. 0-0 0-0 6. Nbd2 c5 7. c3 Nbd7 8. e4 Qc7 9. Re1 dxe4 10. Nxe4 Nxe4 11. dxe4 e5 12. Qc2 c4 13. Be3 Bc5 14. Bxc5 Nxc5 15. Bf1 Be6 16. Nd2 Nd7 17. Bg2 a5 18. Rac1 b5 19. b4 axb4 20. cxb4 Ra6 21. Nb1 Qa7 22. Nc3 Qb8 23. Qb2 f6 24. Rcd1 Qb7 25. Qc2 Nb8 26. Rd2 Nc6 27. Qb1 Nd4 28. h3 Bxh3 29. Bh1 Bg4 30. Re3 Qf7 31. f3 Bd7 32. g4 Rd6 33. Rh2 Rd8 34. Qf1 Ne6 35. Qh3 h6 36. Nd5 Nf4 37. Nxf4 exf4 38. Re1 Bc6 0-1

[Event "Tabor op"]
[Site "Tabor"]
[Date "2005.08.06"]
[Round "9"]
[White "Trepka, Jan"]
[Black "Petr, Josef"]
[Result "1-0"]
[WhiteElo "2022"]
[BlackElo "1662"]
[PlyCount "61"]
[EventDate "2005.07.30"]
[EventType "swiss"]
[EventRounds "9"]
[EventCountry "CZE"]
[SourceTitle "EXT 2006"]
[Source "ChessBase"]
[SourceDate "2005.11.24"]
[SourceVersion "1"]
[SourceVersionDate "2005.11.24"]
[SourceQuality "1"]

1. d4 Nf6 2. c4 g6 3. Nc3 Bg7 4. e4 d6 5. f4 c5 6. dxc5 Qa5 7. Bd3 Qxc5 8. Qe2 Nc6 9. Be3 Qa5 10. Nf3 a6 11. 0-0 0-0 12. a3 Qc7 13. Rac1 e5 14. Nd5 Qd8 15. Bb6 Qe7 16. fxe5 Nxd5 17. cxd5 Nxe5 18. Rc7 Nxf3+ 19. Qxf3 Qe8 20. b3 Be5 21. Qe3 Rb8 22. Qg5 f6 23. Qe3 Rf7 24. Rfc1 Rxc7 25. Rxc7 Bd7 26. Ba7 Rc8 27. Rxb7 Rc3 28. Bd4 Bxd4 29. Qxd4 Rc1+ 30. Kf2 Qc8 31. Qa7 1-0

[Event "Tabor op"]
[Site "Tabor"]
[Date "2005.08.05"]
[Round "8"]
[White "Petr, Josef"]
[Black "Dolezal, Radoslav1"]
[Result "1/2-1/2"]
[WhiteElo "1662"]
[BlackElo "2007"]
[PlyCount "33"]
[EventDate "2005.07.30"]
[EventType "swiss"]
[EventRounds "9"]
[EventCountry "CZE"]
[SourceTitle "EXT 2006"]
[Source "ChessBase"]
[SourceDate "2005.11.24"]
[SourceVersion "1"]
[SourceVersionDate "2005.11.24"]
[SourceQuality "1"]

1. Nf3 d5 2. c4 c6 3. b3 Nf6 4. Bb2 e6 5. g3 Nbd7 6. Bg2 Bd6 7. d4 0-0 8. 0-0 Re8 9. Nbd2 e5 10. dxe5 Nxe5 11. Nxe5 Bxe5 12. Bxe5 Rxe5 13. Re1 Bg4 14. cxd5 Nxd5 15. Nc4 Re7 16. f3 Bh5 17. e4 1/2-1/2

[Event "Tabor op"]
[Site "Tabor"]
[Date "2005.08.??"]
[Round "5"]
[White "Orel, Josef"]
[Black "Petr, Josef"]
[Result "1-0"]
[WhiteElo "1956"]
[BlackElo "1662"]
[PlyCount "81"]
[EventDate "2005.07.30"]
[EventType "swiss"]
[EventRounds "9"]
[EventCountry "CZE"]
[SourceTitle "EXT 2006"]
[Source "ChessBase"]
[SourceDate "2005.11.24"]
[SourceVersion "1"]
[SourceVersionDate "2005.11.24"]
[SourceQuality "1"]

1. b3 d5 2. Bb2 Nf6 3. e3 c5 4. f4 Nc6 5. Nf3 Bg4 6. Be2 e6 7. Na3 Be7 8. 0-0 0-0 9. c4 Rc8 10. Qe1 d4 11. exd4 cxd4 12. d3 Bc5 13. Nc2 a5 14. Ng5 h6 15. Bxg4 Nxg4 16. Ne4 Ba7 17. Qg3 Nf6 18. Rae1 Nxe4 19. Rxe4 Ne7 20. h3 Nf5 21. Qe1 b5 22. g4 Nd6 23. Kh1 Nxe4 24. Qxe4 bxc4 25. bxc4 Rc7 26. Na3 Rd7 27. Nb5 Bc5 28. a4 Re8 29. Bc1 Qa8 30. Re1 Qd8 31. Kg2 f6 32. Kg3 e5 33. f5 Bb4 34. Re2 Qe7 35. Ra2 Red8 36. h4 Be1+ 37. Qxe1 Re8 38. Ba3 Qd8 39. Qe4 Qa8 40. Kf3 Kf7 41. Nd6+ 1-0

[Event "Tabor op"]
[Site "Tabor"]
[Date "2005.08.??"]
[Round "4"]
[White "Vohnout, Pavel"]
[Black "Petr, Josef"]
[Result "1-0"]
[WhiteElo "2026"]
[BlackElo "1662"]
[PlyCount "41"]
[EventDate "2005.07.30"]
[EventType "swiss"]
[EventRounds "9"]
[EventCountry "CZE"]
[SourceTitle "EXT 2006"]
[Source "ChessBase"]
[SourceDate "2005.11.24"]
[SourceVersion "1"]
[SourceVersionDate "2005.11.24"]
[SourceQuality "1"]

1. e4 d5 2. exd5 Qxd5 3. Nc3 Qd8 4. Bc4 e6 5. Nf3 Nf6 6. 0-0 Be7 7. d4 c6 8. Re1 0-0 9. Qe2 Nbd7 10. Bxe6 Bb4 11. Bb3 Re8 12. Qf1 Rxe1 13. Qxe1 Nd5 14. a3 Bxc3 15. bxc3 Qe7 16. Bg5 Qxe1+ 17. Rxe1 f6 18. Bf4 b6 19. Bd6 Bb7 20. c4 Nc3 21. Bb4 1-0